00489nam a22001937a 450000500170000001000130001702000230003003500130005303700160006604000120008208200130009410000180010724500350012526000320016027000510019230000250024365000130026865000140028120170124110122.0 aA-953403 c495.00a8186172394 aA-953403 bCen Lib/Ret aDPLbEN a921bSHI aShirke, B. G. aThe crusade /cby B. G. Shirke bPuneaAmeya Prakashanc1998 bPunea474 B, Sadashiv Peth, Tilak Roade411030 axvi,392p. c24cm(Hb) aCrusades aBiography